One in five home buyers now over the higher stamp duty threshold (Record no. 106574)
[ view plain ]
| 000 -LEADER | |
|---|---|
| fixed length control field | 00949cam a2200193 4500 |
| 001 - CONTROL NUMBER | |
| control field | L136995 |
| 008 - FIXED-LENGTH DATA ELEMENTS--GENERAL INFORMATION | |
| fixed length control field | 070308s2007 xxk f 000 0 eng d |
| 035 ## - SYSTEM CONTROL NUMBER | |
| System control number | (Sirsi) u136995 |
| 041 0# - LANGUAGE CODE | |
| Language code of text/sound track or separate title | eng |
| 110 2# - MAIN ENTRY--CORPORATE NAME | |
| Corporate name or jurisdiction name as entry element | HBOS plc |
| 9 (RLIN) | 4703 |
| 245 00 - TITLE STATEMENT | |
| Title | One in five home buyers now over the higher stamp duty threshold |
| 260 ## - PUBLICATION, DISTRIBUTION, ETC. | |
| Date of publication, distribution, etc. | 2007 |
| 520 ## - SUMMARY, ETC. | |
| Summary, etc. | Calculates that over the past five years there has been a 281% rise in the number of home sales in England and Wales above the £250,000 threshold at which a 3% rate of stamp duty is levied. The number of residential property sales attracting at least 3% stamp duty has increased from 73,403 in 2001 to 279,408 in 2006. |
| 590 ## - LOCAL NOTE (RLIN) | |
| Local note | KA NTK |
| 651 #4 - SUBJECT ADDED ENTRY--GEOGRAPHIC NAME | |
| Geographic name | England and Wales |
| Chronological subdivision | 1543- |
| 690 ## - LOCAL SUBJECT ADDED ENTRY--TOPICAL TERM (OCLC, RLIN) | |
| Topical term or geographic name as entry element | PROPERTY-PROPERTY TAXATION |
| 856 48 - ELECTRONIC LOCATION AND ACCESS | |
| Uniform Resource Identifier | <a href="https://www.easier.com/32569-one-in-five-home-buyers-now-over-the-higher-stamp-duty-threshold.html">https://www.easier.com/32569-one-in-five-home-buyers-now-over-the-higher-stamp-duty-threshold.html</a> |
| Public note | View the press release free of charge at www.easier.com |
| 942 ## - ADDED ENTRY ELEMENTS (KOHA) | |
| Suppress in OPAC | 0 |
| Withdrawn status | Lost status | Source of classification or shelving scheme | Damaged status | Not for loan | Home library | Current library | Shelving location | Date acquired | Total Checkouts | Full call number | Barcode | Date last seen | Copy number | Price effective from | Koha item type |
|---|---|---|---|---|---|---|---|---|---|---|---|---|---|---|---|
| Dewey Decimal Classification | Virtual | Virtual | Online | 08/03/2007 | ONLINE PUBLICATION | 136995-1001 | 06/08/2019 | 1 | 06/08/2019 | Journal article |